000 00628nam a2200217Ia 4500
001 52498
008 080101s2009 ii g b000 u 903 u
020 _a81-219-0462-5
041 _a903
082 _a581.1
100 _aJain, V.K. .,
_eAuthor.
245 0 _aFundamentals of Plant Physiology /
_cDr. V.K. Jain.
_hTextual Documents
250 _a11th revised ed. /
260 _aNew Delhi :
_bS.Chand & Company Ltd. ,
_c2009.
300 _a626pg ;
_c21cm.
500 _aAcc no (305//Rusa) of this title is of 18th rev ed-2016
653 _aBotany
653 _aPlant Physiology
653 _aG- Botany
942 _2ddc
_cBK
999 _c52462
_d52462